000 02053nam a2200265 a 4500
005 20150429020003.0
008 131118b2006 ck ||||| |||| 00| 0 spa d
020 _a9789588323022
040 _aCO-BoIAVH
_cCO-BoIAVH
041 _aspa
044 _ack
082 _a333.720
090 _aIAVH
_b307.1286 H91e
100 1 _92155
_aBaptiste-Ballera, Luis Guillermo
245 1 _aElementos para la incorporación de la biodiversidad en los planes y esquemas de ordenamiento territorial
_c Luis Guillermo Baptiste Ballera...[et al].
260 _aBogotá
_bInstituto de Investigación de Recursos Biológicos Alexander Von Humboldt
_bIGAC
_c2006
300 _a99 p.
_bil.
_c28 cm.
504 _aIncluye Bibliografía (p. 93-97)
520 _aEl presente documento constituye una propuesta metodológica para incorporar criterios de conservación y manejo sostenible de la biodiversidad dentro del proceso de ordenamiento territorial de los municipios colombianos donde predomina una lógica rural y por tanto existen múltiples oportunidades para ello. El texto está estructurado en varias secciones independientes, de manera que pueda ser utilizado libremente tanto con fines de discusión teórica como de aplicación práctica: 1. Lineamientos teórico para la inclusión de biodiversidad en el proceso de ordenamiento territorial municipal; 2. Manual para la inclusión de la biodiversidad en el proceso de ordenamiento territorial, que ilustra con ejemplos la forma de trabajar con las tres guías que le suceden; 3. Instructivos que contienen la guía la recuperación del conocimiento local de la biodiversidad municipal; la guía para la recuperación del conociendo externo de la biodiversidad municipal; y la guía para la construcción de una propuesta de Estructura Ecológica Municipal
650 1 7 _aOrdenamiento territorial
_zColombia
_931603
650 1 7 _aDiversidad biológica
_zColombia
_931604
650 1 7 _aplanes de ordenamiento territorial
_92772
650 1 7 _aEsquemas de ordenamiento territorial
_92773
942 _cLIBRO
_2ddc
_04
999 _c6300
_d6300